| 000 | 00595nam a2200193 i 4500 | ||
|---|---|---|---|
| 001 | 129127 | ||
| 003 | ES-MaACL | ||
| 005 | 20230906193437.0 | ||
| 007 | t| | ||
| 008 | 070606s1960 sp ||||1| spa d | ||
| 110 | 2 |
_aEscuelas Profesionales Salesianas. _9168222 |
|
| 245 | 1 | 0 | _aTecnología mecánica. |
| 250 | _a10ª ed. notablemente ampliada y reformada. | ||
| 260 |
_aBarcelona : _bBiblioteca Profesional Salesiana, _c[1960] |
||
| 300 |
_a2 v. : _bil. ; _c22 cm. |
||
| 500 | _aEs el tomo I y tomo II. | ||
| 650 | 4 |
_aPráctica de taller. _916334 |
|
| 852 |
_aES-MaACL _jP-790-bis _bR.48928 |
||
| 999 |
_c129127 _d129127 |
||